The Structure of the sun: (Record no. 5539)

MARC details
000 -LEADER
fixed length control field 00524nam a22001937a 4500
003 - CONTROL NUMBER IDENTIFIER
control field OSt
005 - DATE AND TIME OF LATEST TRANSACTION
control field 20170213174006.0
008 - FIXED-LENGTH DATA ELEMENTS--GENERAL INFORMATION
fixed length control field 170213b xxu||||| |||| 00| 0 eng d
020 ## - INTERNATIONAL STANDARD BOOK NUMBER
International Standard Book Number 0521563070
040 ## - CATALOGING SOURCE
Transcribing agency DDC.
082 ## - DEWEY DECIMAL CLASSIFICATION NUMBER
Classification number 523STR 1996.
100 ## - MAIN ENTRY--PERSONAL NAME
Personal name Edited by Cortes,T.Roca;Sanchez;
9 (RLIN) 11555
245 ## - TITLE STATEMENT
Title The Structure of the sun:
260 ## - PUBLICATION, DISTRIBUTION, ETC. (IMPRINT)
Place of publication, distribution, etc. Cambridge.
Name of publisher, distributor, etc. Cambridge university Press.
Date of publication, distribution, etc. 1996.
300 ## - PHYSICAL DESCRIPTION
Extent xiv,400p;
Other physical details ill:
Dimensions 26cm.
504 ## - BIBLIOGRAPHY, ETC. NOTE
Bibliography, etc includes references.
650 ## - SUBJECT ADDED ENTRY--TOPICAL TERM
Topical term or geographic name as entry element Physics.
9 (RLIN) 809
942 ## - ADDED ENTRY ELEMENTS (KOHA)
Source of classification or shelving scheme Dewey Decimal Classification
Koha item type Open Shelf
Holdings
Withdrawn status Lost status Source of classification or shelving scheme Damaged status Not for loan Home library Current library Date acquired Source of acquisition Inventory number Total Checkouts Full call number Barcode Date last seen Price effective from Koha item type
    Dewey Decimal Classification     MUST Main Library MUST Main Library 13/02/2017   04/22900   523STR 1996. 2017-0186 13/02/2017 13/02/2017 Open Shelf
    Dewey Decimal Classification     MUST Main Library MUST Main Library 17/06/2024 Purchase 04/22899   523STR 1996. 2024-20671 17/06/2024 17/06/2024 Open Shelf
    Other/Generic Classification Scheme     MUST Main Library MUST Main Library   Purchase 05/24696   523STR 1996. 2024-20784 18/06/2024   Open Shelf